| 000 | 00668nam a22002057a 4500 | ||
|---|---|---|---|
| 005 | 20150806122059.0 | ||
| 010 | _aENG-113336 | ||
| 020 |
_a9789351710066 _c1195.00 |
||
| 035 | _aEN-96868 | ||
| 037 | _bDBAD/PUB | ||
| 100 | _aLakshmi, I. | ||
| 245 |
_aWomen in history : _cedited by Indira [and] R. Varalakshmi _bfestschrift in honour of I. Lakshmi / |
||
| 260 |
_aNew Delhi _bResearch India _c2015 |
||
| 270 |
_aE-6/34, Sangam Vihar, _bNew Delhi _e110062 |
||
| 300 |
_axxv,333p. _c23cm(Hb) |
||
| 500 | _aIncludes bibliographical references and index | ||
| 700 | _aIndira | ||
| 700 | _aVaralakshmi,R. | ||
| 942 |
_2ddc _cEN _mWOM _h305.409 |
||
| 999 |
_c94567 _d94567 |
||